NBA Year in Review: 2002–03 - Statistics

General Stats
  • This quiz has been taken 66 times
  • The average score is 7 of 14
Answer Stats
Hint Answer % Correct
Most Valuable Player Tim Duncan
95%
Finals MVP Tim Duncan
95%
Coach of the Year Gregg Popovich
67%
Assists Per Game Leader Jason Kidd
58%
Steals Per Game Leader Allen Iverson
57%
Defensive Player of the Year Ben Wallace
55%
Rebounds Per Game Leader Ben Wallace
55%
Points Per Game Leader Tracy McGrady
53%
All-Star Game MVP Kevin Garnett
50%
Triple-Doubles Leader Kevin Garnett
50%
Sixth Man of the Year Bobby Jackson
38%
Rookie of the Year Amar'e Stoudemire
28%
Blocks Per Game Leader Theo Ratliff
13%
Most Improved Player Gilbert Arenas
10%
No matching quizzes found
Score Distribution
Percent of People with Each Score
Percentile by Number Answered
Your Score History
You have not taken this quiz